<?xml version="1.0" encoding="UTF-8"?>
<record
    xmlns:xsi="http://www.w3.org/2001/XMLSchema-instance"
    xsi:schemaLocation="http://www.loc.gov/MARC21/slim http://www.loc.gov/standards/marcxml/schema/MARC21slim.xsd"
    xmlns="http://www.loc.gov/MARC21/slim">

  <leader>01053nam a2200325 ia4500</leader>
  <controlfield tag="003">OSt</controlfield>
  <controlfield tag="005">20251222172601.0</controlfield>
  <controlfield tag="008">251222t20232023ii a   jde    000 0 eng d</controlfield>
  <datafield tag="020" ind1=" " ind2=" ">
    <subfield code="a">9789353768911</subfield>
    <subfield code="q">paperback</subfield>
    <subfield code="c">RM45.00 </subfield>
  </datafield>
  <datafield tag="040" ind1=" " ind2=" ">
    <subfield code="a">PPAK</subfield>
    <subfield code="b">eng</subfield>
    <subfield code="c">PPAK</subfield>
    <subfield code="e">rda</subfield>
  </datafield>
  <datafield tag="082" ind1="0" ind2="4">
    <subfield code="a">567.903</subfield>
    <subfield code="2">23</subfield>
  </datafield>
  <datafield tag="090" ind1="0" ind2="0">
    <subfield code="a">567.903</subfield>
    <subfield code="b">DIN</subfield>
    <subfield code="d">K</subfield>
  </datafield>
  <datafield tag="245" ind1="0" ind2="0">
    <subfield code="a">DINOSAURS : </subfield>
    <subfield code="b">WHAT? WHY? HOW? WHEN?</subfield>
  </datafield>
  <datafield tag="246" ind1="3" ind2="3">
    <subfield code="a">My encyclopedia of dinosaurs : </subfield>
    <subfield code="b">what? why? how? when?</subfield>
  </datafield>
  <datafield tag="264" ind1=" " ind2="1">
    <subfield code="a">Uttar Pradesh, India :</subfield>
    <subfield code="b">Om Books International, </subfield>
    <subfield code="c">2023</subfield>
  </datafield>
  <datafield tag="264" ind1=" " ind2="4">
    <subfield code="c">&#xA9;2023</subfield>
  </datafield>
  <datafield tag="300" ind1=" " ind2=" ">
    <subfield code="a">63 pages :</subfield>
    <subfield code="b">colour illustrations ; </subfield>
    <subfield code="c">30 cm</subfield>
  </datafield>
  <datafield tag="336" ind1=" " ind2=" ">
    <subfield code="a">text</subfield>
    <subfield code="2">rdacontent</subfield>
  </datafield>
  <datafield tag="336" ind1=" " ind2=" ">
    <subfield code="a">still image </subfield>
    <subfield code="2">rdacontent</subfield>
  </datafield>
  <datafield tag="337" ind1=" " ind2=" ">
    <subfield code="a">unmediated</subfield>
    <subfield code="2">rdamedia</subfield>
  </datafield>
  <datafield tag="338" ind1=" " ind2=" ">
    <subfield code="a">volume</subfield>
    <subfield code="2">rdacarrier</subfield>
  </datafield>
  <datafield tag="490" ind1="1" ind2=" ">
    <subfield code="a">MY ENCYCLOPEDIA OF </subfield>
  </datafield>
  <datafield tag="490" ind1="1" ind2=" ">
    <subfield code="a">Om KIDZ</subfield>
  </datafield>
  <datafield tag="650" ind1="1" ind2="0">
    <subfield code="a">Dinosaurs </subfield>
    <subfield code="v">Encyclopedias</subfield>
    <subfield code="v">Juvenile literature</subfield>
  </datafield>
  <datafield tag="650" ind1="2" ind2="0">
    <subfield code="a">Prehistoric animals </subfield>
    <subfield code="v">Encyclopedias</subfield>
    <subfield code="v">Juvenile literature</subfield>
  </datafield>
  <datafield tag="655" ind1=" " ind2="7">
    <subfield code="a">Encyclopedia</subfield>
  </datafield>
  <datafield tag="830" ind1=" " ind2="0">
    <subfield code="a">My encyclopedia of</subfield>
  </datafield>
  <datafield tag="830" ind1=" " ind2="0">
    <subfield code="a">Om kidz</subfield>
  </datafield>
  <datafield tag="942" ind1=" " ind2=" ">
    <subfield code="2">ddc</subfield>
    <subfield code="c">B</subfield>
  </datafield>
  <datafield tag="999" ind1=" " ind2=" ">
    <subfield code="c">202325</subfield>
    <subfield code="d">202325</subfield>
  </datafield>
  <datafield tag="952" ind1=" " ind2=" ">
    <subfield code="0">0</subfield>
    <subfield code="7">0</subfield>
    <subfield code="b">PPAK</subfield>
    <subfield code="c">K</subfield>
    <subfield code="d">2025-12-24</subfield>
    <subfield code="l">0</subfield>
    <subfield code="o">K 567.903 DIN</subfield>
    <subfield code="p">A01900107</subfield>
    <subfield code="r">2025-12-24 13:50:19</subfield>
    <subfield code="y">B</subfield>
  </datafield>
  <datafield tag="952" ind1=" " ind2=" ">
    <subfield code="0">0</subfield>
    <subfield code="7">0</subfield>
    <subfield code="b">SP</subfield>
    <subfield code="c">K</subfield>
    <subfield code="d">2025-12-24</subfield>
    <subfield code="l">1</subfield>
    <subfield code="o">K 567.903 DIN</subfield>
    <subfield code="p">A01900108</subfield>
    <subfield code="q">2026-07-06</subfield>
    <subfield code="r">2026-06-15 14:38:40</subfield>
    <subfield code="s">2026-06-15</subfield>
    <subfield code="y">B</subfield>
  </datafield>
  <datafield tag="952" ind1=" " ind2=" ">
    <subfield code="0">0</subfield>
    <subfield code="7">0</subfield>
    <subfield code="b">JT</subfield>
    <subfield code="c">K</subfield>
    <subfield code="d">2025-12-24</subfield>
    <subfield code="l">0</subfield>
    <subfield code="o">K 567.903 DIN</subfield>
    <subfield code="p">A01900109</subfield>
    <subfield code="r">2025-12-24 13:50:19</subfield>
    <subfield code="y">B</subfield>
  </datafield>
  <datafield tag="952" ind1=" " ind2=" ">
    <subfield code="0">0</subfield>
    <subfield code="7">0</subfield>
    <subfield code="b">LW</subfield>
    <subfield code="c">K</subfield>
    <subfield code="d">2025-12-24</subfield>
    <subfield code="l">0</subfield>
    <subfield code="o">K 567.903 DIN</subfield>
    <subfield code="p">A01900110</subfield>
    <subfield code="r">2025-12-24 13:50:19</subfield>
    <subfield code="y">B</subfield>
  </datafield>
  <datafield tag="952" ind1=" " ind2=" ">
    <subfield code="0">0</subfield>
    <subfield code="7">0</subfield>
    <subfield code="b">KM</subfield>
    <subfield code="c">K</subfield>
    <subfield code="d">2025-12-24</subfield>
    <subfield code="l">1</subfield>
    <subfield code="o">K 567.903 DIN</subfield>
    <subfield code="p">A01900111</subfield>
    <subfield code="q">2026-07-20</subfield>
    <subfield code="r">2026-06-29 16:56:13</subfield>
    <subfield code="s">2026-06-29</subfield>
    <subfield code="y">B</subfield>
  </datafield>
  <datafield tag="952" ind1=" " ind2=" ">
    <subfield code="0">0</subfield>
    <subfield code="7">0</subfield>
    <subfield code="b">MR</subfield>
    <subfield code="c">K</subfield>
    <subfield code="d">2025-12-24</subfield>
    <subfield code="l">0</subfield>
    <subfield code="o">K 567.903 DIN</subfield>
    <subfield code="p">A01900114</subfield>
    <subfield code="r">2025-12-24 13:50:19</subfield>
    <subfield code="y">B</subfield>
  </datafield>
  <datafield tag="952" ind1=" " ind2=" ">
    <subfield code="0">0</subfield>
    <subfield code="7">0</subfield>
    <subfield code="b">YN</subfield>
    <subfield code="c">K</subfield>
    <subfield code="d">2025-12-24</subfield>
    <subfield code="l">2</subfield>
    <subfield code="o">K 567.903 DIN</subfield>
    <subfield code="p">A01900115</subfield>
    <subfield code="q">2026-07-14</subfield>
    <subfield code="r">2026-06-23 16:35:03</subfield>
    <subfield code="s">2026-06-23</subfield>
    <subfield code="y">B</subfield>
  </datafield>
  <datafield tag="952" ind1=" " ind2=" ">
    <subfield code="0">0</subfield>
    <subfield code="7">0</subfield>
    <subfield code="b">KN</subfield>
    <subfield code="c">K</subfield>
    <subfield code="d">2025-12-24</subfield>
    <subfield code="l">0</subfield>
    <subfield code="o">K 567.903 DIN</subfield>
    <subfield code="p">A01900117</subfield>
    <subfield code="r">2025-12-24 13:50:19</subfield>
    <subfield code="y">B</subfield>
  </datafield>
  <datafield tag="952" ind1=" " ind2=" ">
    <subfield code="0">0</subfield>
    <subfield code="7">0</subfield>
    <subfield code="b">PG</subfield>
    <subfield code="c">K</subfield>
    <subfield code="d">2025-12-24</subfield>
    <subfield code="l">0</subfield>
    <subfield code="o">K 567.903 DIN</subfield>
    <subfield code="p">A01900118</subfield>
    <subfield code="r">2025-12-24 13:50:19</subfield>
    <subfield code="y">B</subfield>
  </datafield>
  <datafield tag="952" ind1=" " ind2=" ">
    <subfield code="0">0</subfield>
    <subfield code="7">0</subfield>
    <subfield code="b">PD35</subfield>
    <subfield code="c">K</subfield>
    <subfield code="d">2025-12-24</subfield>
    <subfield code="l">0</subfield>
    <subfield code="o">K 567.903 DIN</subfield>
    <subfield code="p">A01900122</subfield>
    <subfield code="r">2025-12-24 13:50:19</subfield>
    <subfield code="y">B</subfield>
  </datafield>
</record>
